| 000 | 00494nam a2200181Ia 4500 | ||
|---|---|---|---|
| 008 | 230711s9999||||xx |||||||||||||| ||und|| | ||
| 020 | _a978-93-93159-12-0 | ||
| 041 | _aENG | ||
| 082 |
_a615.854 _bMU-F |
||
| 100 | _aMudambi,R Sumati | ||
| 245 | 0 | _aFundamentals of Foods, Nutrition and Diet Therapy | |
| 250 | _a7th Ed. | ||
| 260 |
_c2022 _aNew Delhi _bNew Age International Publishers |
||
| 300 | _a410p. | ||
| 650 | _aFood Science and Technology | ||
| 700 | _aRajagopal,M.V | ||
| 942 | _cBK | ||
| 999 |
_c7494 _d7494 |
||